000 00818nam a2200241 a 4500
001 59571
005 20180714060552.0
008 140415s2009 mx 000 0 spa d
020 _a978 -607-462-284-3
041 _aspa
082 0 _a305.8924072
_bGLE
100 1 _aGleizer, Daniela
245 1 3 _aEl exilio incomodo :
_bMéxico y los refugiados judíos, 1933-1945 /
_cDaniela Gleizer.
250 _aPrimera edición
260 _aEspaña :
_bSíntesis,
_c2009.
300 _aXXIV 548 ;
_c23 x 1.7 x 17.
336 _atexto
_2rdacontent
337 _asin mediación
_2rdamedia
338 _avolumen
_2rdacarrier
650 4 _aJudíos
_zMéxico
_xHistoria
_xSiglo XX
650 4 _aInmigrantes
_zMéxico
_xHistoria
_xSiglo XX
650 4 _zMéxico
_xEmigración e inmigración
_xPolítica gubernamental
999 _c59571
_d59571